<?xml version="1.0" encoding="UTF-8"?>
<marc:record xmlns:marc="http://www.loc.gov/MARC21/slim">
   <marc:leader>00000nam a2200000 a 4500</marc:leader>
   <marc:datafield ind1="1" ind2=" " tag="100">
      <marc:subfield code="a">Haag, Alexandra</marc:subfield>
      <marc:subfield code="4">aut</marc:subfield>
      <marc:subfield code="e">Verfasser/-in</marc:subfield>
   </marc:datafield>
   <marc:datafield ind1="1" ind2=" " tag="100">
      <marc:subfield code="a">Morena, Carolina</marc:subfield>
   </marc:datafield>
   <marc:datafield ind1=" " ind2=" " tag="653">
      <marc:subfield code="a">Erzählungen: Mädchen</marc:subfield>
   </marc:datafield>
   <marc:datafield ind1=" " ind2=" " tag="653">
      <marc:subfield code="a">Erzählungen: Behinderung</marc:subfield>
   </marc:datafield>
   <marc:datafield ind1=" " ind2=" " tag="653">
      <marc:subfield code="a">G00-99: Krankheiten (KH) Nervensystem</marc:subfield>
   </marc:datafield>
   <marc:datafield ind1=" " ind2=" " tag="653">
      <marc:subfield code="a">G80: Infantile Zerebralparese</marc:subfield>
   </marc:datafield>
   <marc:datafield ind1=" " ind2=" " tag="653">
      <marc:subfield code="a">G80-83: Zerebrale &amp; sonstige Lähmungen </marc:subfield>
   </marc:datafield>
   <marc:datafield ind1="0" ind2="0" tag="245">
      <marc:subfield code="a">Paula und die Zauberschuhe</marc:subfield>
   </marc:datafield>
   <marc:datafield ind1="0" ind2="0" tag="245">
      <marc:subfield code="b">ein Bilderbuch über ein Kind mit einer körperlichen Behinderung</marc:subfield>
   </marc:datafield>
   <marc:datafield ind1="0" ind2="0" tag="245">
      <marc:subfield code="c">Alexandra Haag. Carolina Morena</marc:subfield>
   </marc:datafield>
   <marc:datafield ind1=" " ind2="1" tag="264">
      <marc:subfield code="a">Frankfurt am Main</marc:subfield>
      <marc:subfield code="b">Mabuse-Verlag</marc:subfield>
      <marc:subfield code="c">2018</marc:subfield>
   </marc:datafield>
   <marc:datafield ind1=" " ind2=" " tag="250">
      <marc:subfield code="a">2. Auflage</marc:subfield>
   </marc:datafield>
   <marc:datafield ind1="1" ind2=" " tag="520">
      <marc:subfield code="a">Paula ist ein Vorschulkind und fährt einen Rollator. Auch wenn in ihrem Körper eine Spastik wohnt, geht sie mit ihren körperlichen Unvollkommenheiten ganz natürlich um: "Zusammen sind meine Hände echt prima." Paula weiß, was sie will und was sie kann und ist meistens fröhlich. Wenn sie aber mit ihrer körperlichen Behinderung an ihre Grenzen kommt, kann sie richtig sauer, traurig oder wütend werden.&lt;br/&gt;Kindgerechte Erklärung und Zuwendung in der Bewegungsambulanz führen zu neuem Wissen und geben Paula und ihrer Familie viele nützliche Informationen über Paulas Spastik, Therapiemöglichkeiten, Hilfsmittel und Medikamente. Dadurch verschwindet die Behinderung zwar nicht, aber sie tritt in den Hintergrund und macht Platz für Spielen und Bewegen, Räuberhöhlen bauen und auch Zimmer aufräumen - für echtes Kinderleben eben.&lt;br/&gt;"Das liebevoll illustrierte Buch wendet sich an alle, die mit Vor - und Grundschulkindern zum Thema Körperbehinderung und Spastiken lesen möchten."</marc:subfield>
   </marc:datafield>
   <marc:datafield ind1=" " ind2=" " tag="020">
      <marc:subfield code="a">9783863213176</marc:subfield>
      <marc:subfield code="9">9783863213176</marc:subfield>
   </marc:datafield>
   <marc:datafield ind1=" " ind2=" " tag="041">
      <marc:subfield code="a">ger</marc:subfield>
   </marc:datafield>
   <marc:datafield ind1=" " ind2=" " tag="300">
      <marc:subfield code="b">Illustrationen</marc:subfield>
   </marc:datafield>
   <marc:datafield ind1="1" ind2=" " tag="521">
      <marc:subfield code="a">0</marc:subfield>
   </marc:datafield>
   <marc:datafield ind1=" " ind2=" " tag="300">
      <marc:subfield code="a">56 Seiten</marc:subfield>
   </marc:datafield>
</marc:record>
